[Event "EU-ch U10 Girls"]
[Site "Tallinn"]
[Date "1997.??.??"]
[EventDate "?"]
[Round "5"]
[Result "1-0"]
[White "Nana Dzagnidze"]
[Black "Anna Muzychuk"]
[WhiteElo "2463"]
[BlackElo "2475"]
[PlyCount "34"]

1.c4 f5 2.Nc3 Nf6 3.g3 g6 4.Bg2 Bg7 5.d4 O-O 6.Nf3 d6 7.O-O c6
8.Qb3 Kh8 9.c5 Ne4 10.cxd6 exd6 11.d5 Na6 12.Be3 cxd5 13.Nxd5
Be6 14.Qb5 Nac5 15.Rfd1 Bd7 16.Qb4 a5 17.Qa3 b5 1-0

[Event "Wch U12 Girls"]
[Site "Heraklio"]
[Date "2002.11.15"]
[EventDate "?"]
[Round "5"]
[Result "0-1"]
[White "Anna Muzychuk"]
[Black "Dronavalli Harika"]
[WhiteElo "2252"]
[BlackElo "2248"]
[PlyCount "130"]

1.e4 c5 2.Nc3 Nc6 3.g3 g6 4.Bg2 Bg7 5.d3 d6 6.f4 e6 7.Nf3 Nge7
8.O-O O-O 9.Be3 Nd4 10.e5 Nef5 11.Bf2 Nxf3+ 12.Bxf3 dxe5
13.Bxc5 exf4 14.Bxf8 Qxf8 15.Qd2 fxg3 16.Nd1 Qc5+ 17.Kh1 gxh2
18.Kxh2 Qd6+ 19.Kg1 Bd4+ 20.Rf2 Rb8 21.Kf1 Bxf2 22.Qxf2 b6
23.Nc3 Bb7 24.Bxb7 Rxb7 25.Ne4 Qe5 26.c3 Nd6 27.Nxd6 Qxd6
28.d4 b5 29.a3 a5 30.Qf6 Rd7 31.Re1 Qe7 32.Qe5 Rd5 33.Qb8+ Qd8
34.Qb7 Rf5+ 35.Ke2 Qh4 36.Kd1 Qf2 37.Re2 Qf1+ 38.Kd2 Qb1
39.Ke3 a4 40.Qc6 Kg7 41.Qc7 h5 42.Qh2 Qc1+ 43.Rd2 Qf1 44.Re2
Qf3+ 45.Kd2 Qf4+ 46.Qxf4 Rxf4 47.Kc2 h4 48.Rh2 g5 49.b3 Kg6
50.bxa4 bxa4 51.Kd3 Kh5 52.c4 Rf3+ 53.Ke4 Rxa3 54.Rc2 Rb3
55.c5 a3 56.c6 a2 57.Rxa2 Rc3 58.d5 exd5+ 59.Kxd5 h3 60.Ra8
Kg4 61.Rh8 Kg3 62.Rh6 h2 63.Rh5 g4 64.Ke4 Rxc6 65.Ke3 Re6+ 0-1

[Event "EU-ch 4th, Women"]
[Site "Istanbul, Turkey"]
[Date "2003.??.??"]
[EventDate "?"]
[Round "10"]
[Result "1/2-1/2"]
[White "Anna Muzychuk"]
[Black "Elina Danielian"]
[WhiteElo "2256"]
[BlackElo "2386"]
[PlyCount "138"]

1.e4 e6 2.d4 d5 3.Nc3 dxe4 4.Nxe4 Nd7 5.g3 Be7 6.Bg2 Ngf6
7.Nxf6+ Bxf6 8.Nf3 O-O 9.O-O e5 10.Be3 exd4 11.Bxd4 c5 12.Bxf6
Qxf6 13.c3 Nb6 14.Nd2 Rd8 15.Ne4 Qe7 16.Qh5 f5 17.Ng5 h6
18.Nf3 Be6 19.Qg6 Qf7 20.Ne5 Qxg6 21.Nxg6 Kf7 22.Ne5+ Kf6
23.f4 Rd2 24.Bxb7 Rb8 25.Bf3 Na4 26.b4 Nxc3 27.bxc5 Rbb2 28.c6
Ne2+ 29.Kh1 Nd4 30.Rad1 Rxh2+ 31.Kg1 Nxf3+ 32.Rxf3 Rbg2+
33.Kf1 Rxa2 34.Kg1 Rhg2+ 35.Kf1 Rgc2 36.Re3 g5 37.Nd7+ Kf7
38.Ne5+ Kg7 39.Nf3 Rxc6 40.fxg5 hxg5 41.Nxg5 Bc4+ 42.Kg1 Kf6
43.Nf3 Re6 44.Rc3 Be2 45.Rdc1 Rd6 46.Re3 Rd1+ 47.Rxd1 Bxd1
48.Nd4 a5 49.Re6+ Kg5 50.Re5 Bg4 51.Kf1 a4 52.Ra5 a3 53.Ke1
Kf6 54.Nb5 Re2+ 55.Kf1 Re5 56.Ra6+ Kg5 57.Nc3 a2 58.Rxa2 Re3
59.Ra3 Kh5 60.Kf2 Rf3+ 61.Kg2 Rd3 62.Nb1 Rd1 63.Rb3 Kg5 64.Rb2
Bh5 65.Nd2 Be8 66.Nf3+ Kh5 67.Rd2 Rb1 68.Rd5 Rb2+ 69.Kh3 Rb5
1/2-1/2

[Event "EU-ch 4th, Women"]
[Site "Istanbul TUR"]
[Date "2003.??.??"]
[EventDate "?"]
[Round "8"]
[Result "0-1"]
[White "Joanna Dworakowska"]
[Black "Anna Muzychuk"]
[WhiteElo "2387"]
[BlackElo "2256"]
[PlyCount "126"]

1.e4 c5 2.Nf3 e6 3.d4 cxd4 4.Nxd4 a6 5.Bd3 Bc5 6.Nb3 Ba7 7.Qe2
d6 8.Bf4 Nc6 9.N1d2 e5 10.Bg3 Nge7 11.O-O-O b5 12.h4 Be6 13.h5
h6 14.Bh4 Qc7 15.Kb1 f6 16.Nf1 O-O 17.Ne3 Nd4 18.Nxd4 Bxd4
19.c3 Bc5 20.Bc2 Bxe3 21.Qxe3 Qc5 22.Qxc5 dxc5 23.f3 Rfd8
24.Bf2 c4 25.Bb6 Rxd1+ 26.Rxd1 Rc8 27.a4 Kf7 28.Ka2 Rb8 29.Bc5
Rc8 30.Bd6 Rd8 31.Bxe7 Kxe7 32.Ka3 Rxd1 33.Bxd1 Kd6 34.Kb4 Kc6
35.Ka5 Bc8 36.b3 cxb3 37.Bxb3 Kc5 38.axb5 axb5 39.Bd5 f5
40.Bf7 fxe4 41.fxe4 Bg4 42.Ka6 Be2 43.Kb7 Bd3 44.Bd5 Bc4
45.Bc6 Be2 46.Be8 Kc4 47.Kc6 Kxc3 48.Kd5 b4 49.Ba4 b3 50.Bxb3
Kxb3 51.Kxe5 Kc4 52.Kd6 Bxh5 53.e5 Kd4 54.e6 Ke4 55.Ke7 Kf5
56.Kf8 Kf6 57.Kg8 Bg4 58.e7 Kxe7 59.Kxg7 h5 60.Kg6 Ke6 61.Kg5
Ke5 62.Kh4 Kf4 63.g3+ Kf3 0-1

[Event "EU-ch 4th, Women"]
[Site "Istanbul, Turkey"]
[Date "2003.??.??"]
[EventDate "?"]
[Round "6"]
[Result "1/2-1/2"]
[White "Margarita Voiska"]
[Black "Anna Muzychuk"]
[WhiteElo "2354"]
[BlackElo "2256"]
[PlyCount "108"]

1.d4 f5 2.Nf3 Nf6 3.g3 g6 4.Bg2 Bg7 5.O-O O-O 6.b3 a5 7.a4 d6
8.Bb2 e6 9.Nbd2 Nc6 10.e3 Ne4 11.Nxe4 fxe4 12.Nd2 d5 13.f3
exf3 14.Nxf3 b6 15.Re1 Bb7 16.e4 dxe4 17.Rxe4 Qd7 18.c3 Ne7
19.Re1 Nf5 20.Ne5 Qc8 21.Qe2 Bxg2 22.Qxg2 c5 23.d5 Qc7 24.dxe6
Bxe5 25.Qd5 Rad8 26.Qxe5 Qxe5 27.Rxe5 Rd2 28.Ba3 Ne7 29.Rf1
Rxf1+ 30.Kxf1 Rxh2 31.b4 cxb4 32.cxb4 Ra2 33.Re3 Kf8 34.bxa5
bxa5 35.Bc5 Rc2 36.Ba3 Ke8 37.Rb3 Rc6 38.Rb8+ Nc8 39.Ra8 h5
40.Kg2 Rc3 41.Bd6 Rc6 42.Bf4 Ke7 43.Rxa5 Kxe6 44.Rg5 Kf6 45.a5
Rc2+ 46.Kh3 Ra2 47.Rb5 Ra4 48.Rb8 Ne7 49.Rb6+ Kf7 50.a6 Nd5
51.Rb7+ Ke6 52.a7 Nxf4+ 53.gxf4 Kf5 54.Rb5+ Kf6 1/2-1/2

[Event "EU-ch 4th, Women"]
[Site "Istanbul, Turkey"]
[Date "2003.??.??"]
[EventDate "?"]
[Round "11"]
[Result "1-0"]
[White "Irina Slavina Turova"]
[Black "Anna Muzychuk"]
[WhiteElo "2381"]
[BlackElo "2256"]
[PlyCount "86"]

1.d4 f5 2.g3 Nf6 3.Bg2 g6 4.c3 Bg7 5.Qb3 Nc6 6.Nd2 e6 7.Nh3 d5
8.Nf4 O-O 9.h4 Qe7 10.Nf3 Ne4 11.Nd3 b6 12.Bf4 Bb7 13.Qc2 Rac8
14.Qc1 Bf6 15.Nfe5 Nxe5 16.dxe5 Bg7 17.O-O Nc5 18.Bg5 Qd7
19.Nxc5 bxc5 20.Bh6 Ba6 21.Re1 Rb8 22.b3 Rb6 23.Be3 Rc6 24.f4
Rb8 25.Qd2 c4 26.b4 Bc8 27.Bxa7 Rb7 28.Bc5 Ra6 29.e4 Qe8
30.Bf3 Rb8 31.h5 Bd7 32.hxg6 hxg6 33.g4 Ba4 34.gxf5 gxf5
35.Qg2 Rba8 36.Rab1 Bb5 37.Rb2 Ra3 38.Bd4 Qf7 39.Ree2 Kf8
40.Qg5 Re8 41.Rg2 c6 42.Bh5 Qd7 43.Bc5+ Kg8 1-0

[Event "EU-ch 4th, Women"]
[Site "Istanbul, Turkey"]
[Date "2003.06.02"]
[EventDate "2003.06.02"]
[Round "1"]
[Result "0-1"]
[White "Anna Muzychuk"]
[Black "Iweta Radziewicz Rajlich"]
[WhiteElo "2256"]
[BlackElo "2428"]
[PlyCount "90"]

1. e4 e6 2. d3 c5 3. Nf3 Nc6 4. g3 g6 5. Bg5 Be7 6. Bxe7 Ngxe7
7. Bg2 e5 8. O-O d6 9. c3 Bg4 10. Nbd2 Qd7 11. Qc2 O-O 12. Kh1
Kg7 13. Ng1 h5 14. h4 f6 15. f4 exf4 16. gxf4 d5 17. Rae1 Rad8
18. Ndf3 b5 19. b3 c4 20. bxc4 bxc4 21. dxc4 dxe4 22. Qxe4 Nf5
23. Kh2 Rfe8 24. Qb1 Qc7 25. Nd4 Ncxd4 26. cxd4 Rxe1 27. Qxe1
Rxd4 28. Qf2 Rxc4 29. Rb1 Rxf4 30. Rb7 Rxf2+ 31. Rxc7+ Kh6
32. Kh1 Rxa2 33. Nf3 Bxf3 34. Bxf3 Nxh4 35. Bd5 Rd2 36. Ba8 a5
37. Ra7 Ra2 38. Bd5 Ra3 39. Kh2 Nf5 40. Be6 Nd4 41. Bd5 Kg5
42. Bf7 Nf3+ 43. Kg2 Ne5 44. Be6 h4 45. Ra6 Nd3 0-1

[Event "EU-ch 4th, Women"]
[Site "Istanbul, Turkey"]
[Date "2003.06.02"]
[EventDate "?"]
[Round "3"]
[Result "1-0"]
[White "Anna Muzychuk"]
[Black "Jovanka Houska"]
[WhiteElo "2256"]
[BlackElo "2386"]
[PlyCount "59"]

1.e4 c6 2.d4 d5 3.e5 Bf5 4.Nc3 e6 5.g4 Bg6 6.Nge2 c5 7.Be3 Nc6
8.dxc5 Nxe5 9.Nd4 Ne7 10.f4 N5c6 11.Ndb5 Qd7 12.f5 exf5 13.Bf4
Kd8 14.Qd2 a6 15.Nc7 Rc8 16.N7xd5 Nxd5 17.Nxd5 Bxc5 18.O-O-O
Nd4 19.Qa5+ Ke8 20.Nc7+ Rxc7 21.Bxc7 Qd5 22.Bg2 Qc4 23.Rhe1+
Kd7 24.c3 Rc8 25.Bf1 b6 26.Bxb6 Qd5 27.Rxd4 Qxd4 28.Rd1 Bxb6
29.Rxd4+ Bxd4 30.Qd5+ 1-0

[Event "EU-ch 4th, Women"]
[Site "Istanbul TUR"]
[Date "2003.06.02"]
[EventDate "?"]
[Round "5"]
[Result "1/2-1/2"]
[White "Anna Muzychuk"]
[Black "Elena Zaiatz"]
[WhiteElo "2256"]
[BlackElo "2339"]
[PlyCount "97"]

1.e4 e5 2.Nf3 Nc6 3.Bc4 Bc5 4.b4 Bb6 5.a4 a6 6.Nc3 d6 7.Nd5
Nf6 8.Nxb6 cxb6 9.Qe2 O-O 10.c3 d5 11.exd5 e4 12.dxc6 exf3
13.Qxf3 Bg4 14.Qg3 b5 15.Be2 Bxe2 16.Kxe2 Re8+ 17.Kd1 Qd5
18.Kc2 bxc6 19.Qf3 Qe6 20.d3 a5 21.Bd2 axb4 22.Rhe1 Qd7
23.axb5 Rxa1 24.Rxa1 cxb5 25.Ra8 bxc3 26.Bxc3 Rxa8 27.Qxa8+
Ne8 28.f3 h6 29.Kb3 f6 30.Qe4 Kf7 31.Bb4 Nc7 32.h3 f5 33.Qe3
Ne6 34.Bc3 f4 35.Qe5 Qxd3 36.Kb4 Qc4+ 37.Ka5 Qc7+ 38.Kxb5
Qxe5+ 39.Bxe5 Kg6 40.Kc4 Kf5 41.Bc3 g5 42.Kd3 Nc7 43.Bg7 h5
44.Bd4 Nd5 45.Bc5 g4 46.hxg4+ hxg4 47.fxg4+ Kxg4 48.Bd6 Ne3
49.Bxf4 1/2-1/2

[Event "EU-ch 4th, Women"]
[Site "Istanbul, Turkey"]
[Date "2003.06.02"]
[EventDate "?"]
[Round "7"]
[Result "1-0"]
[White "Anna Muzychuk"]
[Black "Svetlana Petrenko"]
[WhiteElo "2256"]
[BlackElo "2348"]
[PlyCount "107"]

1.e4 Nf6 2.e5 Nd5 3.c4 Nb6 4.a4 a5 5.Ra3 d6 6.exd6 exd6 7.d4
Nc6 8.Rg3 Bf5 9.Na3 Nb4 10.Nf3 Qe7+ 11.Be3 g6 12.Be2 Bg7
13.O-O O-O 14.Bg5 Qe4 15.Re1 Rfe8 16.b3 h6 17.Bf1 Qc6 18.Be3
Re4 19.Qd2 Rae8 20.c5 dxc5 21.Bb5 Qe6 22.Bxe8 cxd4 23.Bxd4
Rxe1+ 24.Qxe1 Qxe1+ 25.Nxe1 Bxd4 26.Bb5 c6 27.Bf1 N6d5 28.Nc4
b6 29.Nd3 h5 30.Nxb4 axb4 31.Nd6 Bc2 32.Rf3 f5 33.Bd3 Bd1
34.Rg3 Kh7 35.Bc4 Nf4 36.h4 Be2 37.Bf7 Ba6 38.Rf3 Ne2+ 39.Kf1
Ng3+ 40.Ke1 Ne2 41.Bc4 Bxc4 42.Nxc4 Nc3 43.Rd3 Bc5 44.Ne5 Ne4
45.f3 Nf6 46.Nxc6 Kg7 47.Ne5 Ne8 48.Nd7 Be7 49.Nxb6 Bxh4+
50.Ke2 Bg3 51.a5 Nc7 52.Rd7+ Kf8 53.Nd5 Na6 54.Ra7 1-0

[Event "EU-ch 4th, Women"]
[Site "Istanbul, Turkey"]
[Date "2003.06.02"]
[EventDate "?"]
[Round "9"]
[Result "1/2-1/2"]
[White "Anna Muzychuk"]
[Black "Ana Matnadze"]
[WhiteElo "2256"]
[BlackElo "2386"]
[PlyCount "51"]

1.e4 c5 2.c4 Nc6 3.Ne2 e5 4.g3 g6 5.Bg2 Bg7 6.O-O d6 7.Nbc3
Be6 8.d3 Qd7 9.Nd5 Rc8 10.f4 Bg4 11.Ne3 h5 12.f5 Bxe2 13.Qxe2
Nd4 14.Qd1 g5 15.h3 f6 16.Rb1 Bf8 17.Nd5 Kf7 18.Bf3 Nxf3+
19.Qxf3 Ne7 20.Nxe7 Bxe7 21.Qd1 b5 22.a3 Rb8 23.Qc2 g4 24.h4
a5 25.b3 b4 26.a4 1/2-1/2

[Event "EU-ch 4th, Women"]
[Site "Istanbul, Turkey"]
[Date "2003.06.05"]
[EventDate "2003.06.02"]
[Round "4"]
[Result "1-0"]
[White "Ketevan Arakhamia-Grant"]
[Black "Anna Muzychuk"]
[WhiteElo "2413"]
[BlackElo "2256"]
[PlyCount "135"]

1. e4 c5 2. Nf3 e6 3. d3 Nc6 4. g3 g6 5. Bg2 Bg7 6. O-O d6
7. c3 Nf6 8. Re1 e5 9. Nbd2 O-O 10. a4 Bh6 11. Nc4 Bxc1
12. Rxc1 Be6 13. Ne3 Ng4 14. Nd5 f5 15. h3 Nh6 16. Qd2 Nf7
17. Nh2 Ne7 18. d4 Bxd5 19. exd5 Qd7 20. dxc5 dxc5 21. b3 Rad8
22. Rcd1 Nc8 23. c4 Ncd6 24. Qc3 Rde8 25. f4 e4 26. Nf1 Nh6
27. Ne3 Qg7 28. Qxg7+ Kxg7 29. a5 Rc8 30. Ra1 Rf7 31. Reb1 Kf8
32. Kf2 Ke8 33. Bf1 Kd8 34. Be2 Ng8 35. Ke1 Kc7 36. Kd2 Kb8
37. Kc3 Rfc7 38. g4 Ne7 39. g5 Rh8 40. h4 h5 41. b4 Rhc8
42. bxc5 Rxc5 43. Kd4 Nf7 44. Rb4 Nd6 45. Rb2 R8c7 46. Ke5 Ne8
47. Kd4 Nd6 48. Rb4 Kc8 49. Bd1 Nf7 50. a6 b6 51. Rxb6 axb6
52. a7 Rxa7 53. Rxa7 Rc7 54. Ra8+ Kb7 55. Rf8 Nd6 56. Bb3 Rc8
57. Rf6 Kc7 58. Re6 Kd7 59. Ba4+ Nc6+ 60. Bxc6+ Rxc6 61. Rf6
Rc5 62. Rxg6 Ra5 63. Rg7+ Ke8 64. Ke5 Nf7+ 65. Ke6 Nd8+
66. Kxf5 Ra2 67. Kxe4 Rh2 68. Nf5 1-0

[Event "BELFORT YWCC Girls under 16"]
[Site "Belfort (90)"]
[Date "2005.??.??"]
[EventDate "?"]
[Round "7.1"]
[Result "0-1"]
[White "Hanna Leks"]
[Black "Anna Muzychuk"]
[WhiteElo "2173"]
[BlackElo "2364"]
[PlyCount "174"]

1. e4 c5 2. Nf3 e6 3. c4 Nc6 4. Nc3 Nge7 5. d4 cxd4 6. Nxd4
Nxd4 7. Qxd4 Nc6 8. Qd1 Bc5 9. Be2 O-O 10. O-O d6 11. a3 e5
12. Bg4 Be6 13. Nd5 Bd4 14. Rb1 Qh4 15. Bf3 Rac8 16. b4 f5
17. g3 Qd8 18. Qe2 Qd7 19. Bd2 fxe4 20. Bxe4 Bh3 21. Bg2 Bg4
22. Qd3 Bf5 23. Be4 Bxe4 24. Qxe4 Ne7 25. Rbc1 Nxd5 26. Qxd5+
Qf7 27. Qxf7+ Rxf7 28. Bc3 Rfc7 29. Bxd4 exd4 30. Rcd1 Rxc4
31. Rd3 Kf7 32. Rfd1 Ke6 33. Rxd4 Rxd4 34. Rxd4 Ke5 35. Rd3 d5
36. Re3+ Kd6 37. Rd3 Rc4 38. Kf1 d4 39. Ke1 Ke5 40. Kd2 Ke4
41. f3+ Kd5 42. Rb3 b5 43. Rd3 a6 44. h3 Rc6 45. Rb3 Rh6
46. h4 Rg6 47. g4 h5 48. gxh5 Rg2+ 49. Kd3 Rf2 50. Rb1 Rxf3+
51. Kd2 Rxa3 52. Rg1 Rh3 53. Rxg7 Rxh4 54. Rc7 Rh2+ 55. Kd3
Rh3+ 56. Kc2 d3+ 57. Kc3 Kd6 58. Ra7 d2+ 59. Kxd2 Rxh5
60. Rxa6+ Kd5 61. Rg6 Kc4 62. Rg3 Kxb4 63. Kc2 Rh2+ 64. Kb1
Rd2 65. Kc1 Rf2 66. Rh3 Ka4 67. Kb1 b4 68. Rg3 Rd2 69. Kc1 Ra2
70. Kb1 Ra3 71. Rg8 Rh3 72. Kb2 Rh2+ 73. Kb1 Ka3 74. Rb8 Kb3
75. Kc1 Rh1+ 76. Kd2 Rb1 77. Rb7 Ka2 78. Ra7+ Kb2 79. Ra8 b3
80. Rb8 Rh1 81. Rb7 Rh5 82. Kd3 Rc5 83. Rb8 Ka2 84. Ra8+ Kb1
85. Rb8 b2 86. Kd2 Ra5 87. Ke1 Ka2 0-1

[Event "6th European Individual Women's Championship"]
[Site "Chisinau MDA"]
[Date "2005.06.12"]
[EventDate "2005.06.11"]
[Round "2"]
[Result "1/2-1/2"]
[White "Anna Muzychuk"]
[Black "Evgenia Meshcheriakova"]
[WhiteElo "2363"]
[BlackElo "2193"]
[PlyCount "130"]

1. e4 c5 2. Nc3 Nc6 3. Bb5 Nd4 4. Nf3 e6 5. O-O Ne7 6. Nxd4
cxd4 7. Ne2 Nc6 8. Bxc6 dxc6 9. d3 Be7 10. c3 dxc3 11. bxc3
O-O 12. d4 c5 13. Be3 b6 14. Ng3 Ba6 15. Re1 cxd4 16. Bxd4 Bc4
17. e5 Qd5 18. Nh5 Kh8 19. Re3 Rg8 20. Qc2 Rac8 21. Rae1 Ba6
22. Nf4 Qd8 23. Rh3 g6 24. Qa4 Bc4 25. Qxa7 b5 26. Qb7 Qc7
27. Qf3 Qc6 28. Qe3 Ra8 29. Nd3 Bxd3 30. Qxd3 Rxa2 31. Rf3 Kg7
32. Qe3 Raa8 33. Qf4 Qe8 34. Be3 Rh8 35. Qh6+ Kg8 36. Bg5 Bf8
37. Qh4 Ra4 38. Qg3 h6 39. Bf6 Bg7 40. Rd3 Kh7 41. Red1 Qc6
42. h4 h5 43. Bxg7 Kxg7 44. Qg5 Rf8 45. g3 Qe4 46. Qf6+ Kg8
47. Rd7 Qf5 48. Qxf5 gxf5 49. Rc7 f4 50. Rc5 Rb8 51. Rb1 fxg3
52. fxg3 Ra3 53. Kf2 Kg7 54. Rb4 Rd8 55. Ke3 Ra1 56. Rcxb5
Re1+ 57. Kf2 Rc1 58. g4 Rc2+ 59. Ke3 Rxc3+ 60. Kf4 Rdd3
61. Kg5 hxg4 62. Rxg4 Rg3 63. Rbb4 Rcf3 64. Kh5+ Rxg4 65. Kxg4
Rf1 1/2-1/2

[Event "15th European Team Championship (Women)"]
[Site "Gothenburg SWE"]
[Date "2005.07.30"]
[EventDate "2005.07.30"]
[Round "1"]
[Result "1/2-1/2"]
[White "Nadezhda Kosintseva"]
[Black "Anna Muzychuk"]
[WhiteElo "2490"]
[BlackElo "2364"]
[PlyCount "88"]

1. e4 c5 2. Nf3 e6 3. c3 d5 4. exd5 exd5 5. d4 Nc6 6. Bb5 Nf6
7. O-O cxd4 8. Nxd4 Bd7 9. Re1+ Be7 10. Bxc6 bxc6 11. Qe2 c5
12. Nf3 Rc8 13. Bf4 Rc6 14. Nbd2 Re6 15. Qd3 O-O 16. Be5 c4
17. Qc2 Ng4 18. Bd4 Rxe1+ 19. Rxe1 Bf6 20. h3 Bxd4 21. Nxd4
Nf6 22. Nf1 a5 23. Ng3 g6 24. Qd2 Re8 25. Rxe8+ Qxe8 26. Qf4
Kg7 27. Kf1 h6 28. Nc2 Qc8 29. Qd2 Qb7 30. Ne3 Be6 31. f3 Qb8
32. Ne2 h5 33. Nd4 Qh2 34. Qf2 Qf4 35. h4 Qh2 36. Ke2 Nd7
37. Nf1 Qb8 38. Kd1 Nc5 39. Qe2 Nd3 40. b3 Qf4 41. Qe3 Qxh4
42. Nxe6+ fxe6 43. Qxe6 Qh1 44. Qe7+ Kg8 1/2-1/2

[Event "15th European Team Championship (Women)"]
[Site "Gothenburg SWE"]
[Date "2005.08.01"]
[EventDate "2005.07.30"]
[Round "3"]
[Result "1/2-1/2"]
[White "Anna-Christina Kopinits"]
[Black "Anna Muzychuk"]
[WhiteElo "2124"]
[BlackElo "2364"]
[PlyCount "90"]

1. e4 d5 2. exd5 Nf6 3. d4 Bg4 4. Be2 Bxe2 5. Qxe2 Qxd5 6. Nf3
e6 7. O-O Nc6 8. Rd1 Bd6 9. Nc3 Qh5 10. d5 Ne5 11. Nxe5 Qxe5
12. Qxe5 Bxe5 13. dxe6 fxe6 14. Re1 Bxc3 15. bxc3 Kf7 16. Bf4
c6 17. c4 b6 18. f3 Rhd8 19. Rad1 b5 20. c5 Rd5 21. Bd6 Ne8
22. Rxd5 cxd5 23. Be5 Rc8 24. Bd4 Rc6 25. Rb1 a6 26. a4 Nc7
27. Ra1 b4 28. c3 bxc3 29. Rc1 e5 30. Bxe5 Rxc5 31. Rxc3 Rxc3
32. Bxc3 Ne6 33. Kf2 d4 34. Bb2 Kf6 35. f4 Kf5 36. Kf3 h5
37. h3 h4 38. Bc1 Nc5 39. Bb2 Nb3 40. Ba3 Nd2+ 41. Ke2 Nc4
42. Bf8 g6 43. Kd3 Ne3 44. Kxd4 Nxg2 45. Be7 Nxf4 1/2-1/2

[Event "15th European Team Championship (Women)"]
[Site "Gothenburg SWE"]
[Date "2005.08.02"]
[EventDate "2005.07.30"]
[Round "4"]
[Result "1-0"]
[White "Anna Muzychuk"]
[Black "Masha Klinova"]
[WhiteElo "2364"]
[BlackElo "2384"]
[PlyCount "147"]

1. e4 d6 2. d4 e5 3. Nf3 Nc6 4. Bb5 exd4 5. Nxd4 Bd7 6. Nc3
Nf6 7. O-O Be7 8. Bf4 O-O 9. Bxc6 bxc6 10. e5 dxe5 11. Bxe5
Bd6 12. Bg3 Rb8 13. Nb3 Bg4 14. Qd3 Bxg3 15. Qxg3 Qd6 16. f3
Qxg3 17. hxg3 Bf5 18. Nd4 Bd7 19. Rab1 Rb4 20. Rfd1 Rfb8
21. b3 c5 22. Nde2 Bc6 23. Nf4 Rd4 24. Rxd4 cxd4 25. Nce2 Rd8
26. Rd1 g5 27. Nh3 g4 28. fxg4 Bb5 29. c4 Bc6 30. g5 Ng4
31. Rxd4 Re8 32. Nhf4 Ne3 33. Nh5 Kf8 34. Nf6 Re5 35. Kf2 Ke7
36. Nf4 Rxg5 37. Kxe3 Kxf6 38. Kf2 a5 39. Rd8 Re5 40. Rc8 Re7
41. Rd8 Re5 42. Rc8 Re7 43. Nd5+ Bxd5 44. cxd5 Rd7 45. Ke3 Ke5
46. Re8+ Kxd5 47. Ra8 Re7+ 48. Kf4 Kd4 49. Rxa5 Re3 50. Kg4
Re2 51. Ra7 Rxg2 52. Rxc7 Rxa2 53. Rxf7 Rh2 54. Kg5 h6+
55. Kg4 Rb2 56. Rb7 Ke5 57. Rb6 Rh2 58. Rb5+ Ke4 59. Rh5 Rb2
60. Rxh6 Rxb3 61. Rg6 Ke5 62. Kh5 Rb1 63. g4 Rg1 64. Kg5 Rg2
65. Rg7 Ke6 66. Kh6 Rg1 67. g5 Rg2 68. Kg6 Rg1 69. Rg8 Ke7
70. Kh7 Rg2 71. g6 Rg1 72. Kg7 Rg2 73. Ra8 Rg1 74. Ra4 1-0

[Event "15th European Team Championship (Women)"]
[Site "Gothenburg SWE"]
[Date "2005.08.04"]
[EventDate "2005.07.30"]
[Round "6"]
[Result "1-0"]
[White "Anna Muzychuk"]
[Black "Pia Cramling"]
[WhiteElo "2364"]
[BlackElo "2494"]
[PlyCount "47"]

1. e4 c5 2. Nf3 a6 3. c4 Nc6 4. d4 cxd4 5. Nxd4 Nf6 6. Nc3 e5
7. Nf5 d5 8. cxd5 Bxf5 9. exf5 Nd4 10. Bg5 Qa5 11. Bxf6 gxf6
12. Bd3 Bb4 13. O-O Bxc3 14. bxc3 Qxc3 15. Rc1 Qa5 16. Qg4 Ke7
17. d6+ Kxd6 18. f4 exf4 19. Qh4 Qb6 20. Qxf6+ Ne6+ 21. Kh1
Qd4 22. Qxf7 Nc5 23. Rfd1 Raf8 24. Bc4 1-0

[Event "15th European Team Championship (Women)"]
[Site "Gothenburg SWE"]
[Date "2005.08.06"]
[EventDate "2005.07.30"]
[Round "8"]
[Result "0-1"]
[White "Anna Muzychuk"]
[Black "Elina Danielian"]
[WhiteElo "2364"]
[BlackElo "2433"]
[PlyCount "52"]

1. e4 c6 2. c4 d5 3. cxd5 cxd5 4. exd5 Nf6 5. Qa4+ Nbd7 6. Nc3
g6 7. Bc4 Bg7 8. d3 O-O 9. Nf3 a6 10. Qa3 Nb6 11. Qb3 Bf5
12. Be3 Nbd7 13. Qxb7 Rb8 14. Qxa6 Rxb2 15. O-O Ng4 16. Bd4
Bxd4 17. Nxd4 Qb8 18. g3 Qe5 19. Qa7 Nb6 20. Nd1 Qxd4 21. Nxb2
Ne5 22. Na4 Nf3+ 23. Kg2 Qg4 24. Rfd1 Nd4 25. Kg1 Qf3 26. Qxe7
Bh3 0-1

[Event "Sheki (Women)"]
[Site "Sheki"]
[Date "2005.10.15"]
[EventDate "?"]
[Round "3"]
[Result "1-0"]
[White "Anna Muzychuk"]
[Black "Natalia Zhukova"]
[WhiteElo "2373"]
[BlackElo "2466"]
[PlyCount "85"]

1.f4 d5 2.Nf3 Nf6 3.g3 g6 4.Bg2 Bg7 5.O-O O-O 6.d3 c5 7.Qe1 d4
8.a4 Nc6 9.Na3 Be6 10.Bd2 Qc8 11.Ng5 Bd7 12.Nc4 Rb8 13.c3 b6
14.Rc1 h6 15.Nf3 dxc3 16.Bxc3 Bh3 17.e4 Bxg2 18.Kxg2 Qd7
19.Qe2 Rfc8 20.h3 a6 21.a5 Nxa5 22.Nxa5 bxa5 23.f5 Qb7 24.fxg6
fxg6 25.Ne5 Kh7 26.Ra1 Rf8 27.Rxa5 Nd7 28.Rxf8 Rxf8 29.Nxg6
Rf7 30.Nf4 Bxc3 31.bxc3 Rg7 32.Ra2 c4 33.d4 Nf6 34.d5 Qb3
35.e5 Qxc3 36.g4 Nd7 37.Qe4+ Kh8 38.Re2 Nc5 39.Qf5 Nd3 40.Qf8+
Kh7 41.Nh5 Rg5 42.Qxe7+ Kh8 43.Qf8+ 1-0

[Event "FSGM February"]
[Site "Budapest HUN"]
[Date "2006.02.05"]
[EventDate "2006.02.04"]
[Round "2"]
[Result "1-0"]
[White "Zlatko Ilincic"]
[Black "Anna Muzychuk"]
[WhiteElo "2545"]
[BlackElo "2417"]
[PlyCount "55"]

1. d4 f5 2. Nf3 Nf6 3. g3 g6 4. Bg2 Bg7 5. O-O O-O 6. c4 d6
7. Nc3 e6 8. Qd3 Nc6 9. e4 e5 10. d5 Nd4 11. Bg5 h6 12. Nxd4
exd4 13. Bxf6 Qxf6 14. Nb5 c6 15. Nc7 Rb8 16. exf5 Bxf5
17. Be4 Bh3 18. Bxg6 b5 19. cxb5 Bxf1 20. Rxf1 Rfc8 21. Na6
Rxb5 22. dxc6 Re5 23. c7 d5 24. Rc1 Bf8 25. f4 Re3 26. Qf5 Re6
27. Qxd5 Kh8 28. Qd7 1-0

[Event "FSGM February"]
[Site "Budapest HUN"]
[Date "2006.02.07"]
[EventDate "2006.02.04"]
[Round "4"]
[Result "1/2-1/2"]
[White "Miklos Nemeth"]
[Black "Anna Muzychuk"]
[WhiteElo "2378"]
[BlackElo "2417"]
[PlyCount "32"]

1. e4 d5 2. exd5 Nf6 3. d4 Nxd5 4. Nf3 g6 5. c4 Nb6 6. c5 Nd5
7. Bc4 Bg7 8. Qb3 c6 9. Nc3 O-O 10. O-O Nxc3 11. bxc3 b5
12. cxb6 axb6 13. Re1 b5 14. Bd3 Bg4 15. Be4 Be6 16. Qc2 Bd5
1/2-1/2

[Event "FSGM February"]
[Site "Budapest HUN"]
[Date "2006.02.11"]
[EventDate "2006.02.04"]
[Round "8"]
[Result "1-0"]
[White "Anna Muzychuk"]
[Black "Fabrizio Bellia"]
[WhiteElo "2417"]
[BlackElo "2390"]
[PlyCount "77"]

1. e4 e5 2. Nf3 Nf6 3. Nxe5 d6 4. Nf3 Nxe4 5. Nc3 Nf6 6. d4 d5
7. Bd3 Be7 8. Bf4 O-O 9. h3 c6 10. O-O Re8 11. Ne5 Nbd7
12. Ne2 Nxe5 13. dxe5 Nd7 14. Nd4 Nc5 15. c3 Nxd3 16. Qxd3 Bf8
17. Rad1 Qb6 18. Rd2 Bd7 19. Re1 g6 20. Qg3 Qa6 21. b3 c5
22. Nf3 Bf5 23. h4 Qa5 24. Re3 Rad8 25. Bg5 Rd7 26. h5 Qa3
27. Kh2 Qc1 28. hxg6 Bxg6 29. Bf6 Re6 30. Qf4 b5 31. b4 a6
32. bxc5 Bxc5 33. Rd4 Qc2 34. Qh6 Bf8 35. Qh4 Rc7 36. Rxd5 Re8
37. Ng5 Rxc3 38. e6 Rxe3 39. Qxh7+ 1-0

[Event "FSGM February"]
[Site "Budapest HUN"]
[Date "2006.02.12"]
[EventDate "2006.02.04"]
[Round "9"]
[Result "1/2-1/2"]
[White "Iweta Radziewicz Rajlich"]
[Black "Anna Muzychuk"]
[WhiteElo "2421"]
[BlackElo "2417"]
[PlyCount "139"]

1. d4 f5 2. Bg5 g6 3. e3 Bg7 4. Nd2 Nf6 5. h4 d6 6. c3 Nbd7
7. Qb3 h6 8. Bxf6 Nxf6 9. Ngf3 e6 10. Bd3 Qe7 11. O-O-O Ng4
12. Rdf1 d5 13. Nh2 Nxh2 14. Rxh2 h5 15. Rh3 Bf6 16. Nf3 c6
17. Qb4 b6 18. Qxe7+ Kxe7 19. Rg3 Rg8 20. Ne5 Bxe5 21. dxe5 a5
22. Rg5 Ba6 23. Bxa6 Rxa6 24. f3 Raa8 25. a4 Kf7 26. g4 hxg4
27. fxg4 Rh8 28. h5 Rag8 29. Kd2 gxh5 30. Rxg8 Kxg8 31. gxf5
exf5 32. Rxf5 h4 33. e6 Rh7 34. Rf3 Re7 35. Rh3 Rh7 36. Rf3
Re7 37. Rf4 h3 38. Rh4 Kg7 39. Rxh3 Kf6 40. Rh8 Rxe6 41. Rb8
c5 42. Kd3 Ke7 43. Rb7+ Kd8 44. Rh7 Re5 45. b3 Kc8 46. c4
dxc4+ 47. bxc4 Re6 48. Rf7 Kd8 49. Ke2 Re4 50. Rf4 Re6 51. Kf3
Kd7 52. Rf8 Ke7 53. Rb8 Rf6+ 54. Ke4 Re6+ 55. Kf4 Rf6+ 56. Ke4
Re6+ 57. Kf3 Rf6+ 58. Ke2 Rd6 59. Rh8 Rg6 60. Rh7+ Kd6 61. Kd3
Rg1 62. Rh6+ Ke5 63. Rxb6 Ra1 64. Rc6 Ra3+ 65. Kd2 Ra2+
66. Kc3 Ra3+ 67. Kb2 Rxe3 68. Rxc5+ Kd4 69. Rxa5 Kxc4 70. Rh5
1/2-1/2

[Event "FSGM February"]
[Site "Budapest HUN"]
[Date "2006.02.13"]
[EventDate "2006.02.04"]
[Round "10"]
[Result "1/2-1/2"]
[White "Anna Muzychuk"]
[Black "Attila Jakab"]
[WhiteElo "2417"]
[BlackElo "2412"]
[PlyCount "60"]

1. e4 e6 2. d4 d5 3. Nc3 Bb4 4. e5 c5 5. a3 Bxc3+ 6. bxc3 Qc7
7. Qg4 f6 8. Nf3 Nc6 9. Bb5 Qf7 10. Bxc6+ bxc6 11. O-O Ne7
12. a4 Qg6 13. Qxg6+ hxg6 14. Ba3 cxd4 15. cxd4 Nf5 16. Bc5
Ba6 17. Rfb1 Kf7 18. h3 Nh4 19. Nd2 Rh5 20. g3 Nf5 21. g4 Rxh3
22. gxf5 Rah8 23. fxe6+ Kxe6 24. Nf1 f5 25. f4 R8h4 26. Rb3
Rh1+ 27. Kg2 Bxf1+ 28. Rxf1 R1h2+ 29. Kg1 Rh1+ 30. Kg2 R1h2+
1/2-1/2